| 000 | 00621nam a22002177a 4500 | ||
|---|---|---|---|
| 999 |
_c1446 _d1446 |
||
| 003 | AR-CdUCM | ||
| 008 | 190227b ||||| |||| 00| 0 spa d | ||
| 020 | _a950562798X | ||
| 040 |
_aMUNICIPALIDAD PROVINCIAL DEL CUSCO _cBIBLIOTECA MUNICIPAL DEL CUSCO |
||
| 082 |
_a869 / _bUT95 |
||
| 100 |
_aUtello, Andres _95474 |
||
| 245 | _aEntrecuerpos / | ||
| 260 |
_aBuenos Aires : _bHUR, _c1984. |
||
| 300 |
_a56 paginas ; _c25cm. |
||
| 650 |
_aPoesias _92556 |
||
| 650 |
_aLiteratura _983 |
||
| 650 |
_aPoesia Latinoameracana _95475 |
||
| 700 |
_aKolaitis, Eduardo _95476 |
||
| 942 |
_2ddc _cLIBROS |
||
| 945 |
_apjha _d2019-02-27 |
||